Yu-Gi-Oh! GX - Cartes signatures - Statistiques

Statistiques générales
  • Ce quiz a été pris 64 fois
  • Le résultat moyen est 9 sur 22
Statistiques - réponses
Indice Réponse % Correct
Néos le Sage Judai Yuki
77%
Yubel Yubel
75%
Plasma - HÉROS de la Destinée Edo Phoenix
64%
Ojama Jaune Jun Manjome
64%
Rituel de l'Ange Machine Asuka Tenjoin
54%
Force Arcane EX - Le Maître de la Lumière Takuma Saio
54%
Dragon de l'Eau Daichi Misawa
52%
Super Véhicroid Méga-Foreur Sho Marufuji
50%
Dragon Cyber Ultime Ryo Marufuji
48%
Dieux Égyptiens Yugi Muto/Pharaon
48%
Dragon Arc-en-Ciel Johan Andersen
46%
Dragon Noir aux Yeux Rouges Fubuki Tenjoin
34%
Fusion des Ténèbres Hao
30%
Monde Jurassique Tyranno Kenzan
30%
Feu Grégois Volcanique Austin O'Brien
27%
Guerrier Fossile Roi Squelette Jim Crocodile Cook
25%
Néosphère des Ténèbres Darkness
21%
Tris Hélios Megistus Amnael
20%
Bêtes Sacrées Kagemaru
18%
Golem Rouages Ancients Cronos de Medici
13%
Cyber Ogre 2 Samejima
11%
Ayers le Rocher du Soleil Levant Hayato Maeda
2%
Aucun quiz correspondant
Distribution des résultats
% des personnes avec chaque résultat
Percentile par nombre de réponses
Votre historique - résultats
Vous n’avez pas pris ce quiz